<?xml version="1.0" encoding="UTF-8"?>
<record
    xmlns:xsi="http://www.w3.org/2001/XMLSchema-instance"
    xsi:schemaLocation="http://www.loc.gov/MARC21/slim http://www.loc.gov/standards/marcxml/schema/MARC21slim.xsd"
    xmlns="http://www.loc.gov/MARC21/slim">

  <leader>01201nam a22002657a 4500</leader>
  <controlfield tag="005">20251010122601.0</controlfield>
  <controlfield tag="008">121113t        mx ||||| |||| 00| 0 spa d</controlfield>
  <datafield tag="020" ind1=" " ind2=" ">
    <subfield code="a">9706790047</subfield>
  </datafield>
  <datafield tag="050" ind1="0" ind2="4">
    <subfield code="a">BX1430 .Z36</subfield>
    <subfield code="b">H47 1999</subfield>
  </datafield>
  <datafield tag="050" ind1="0" ind2="4">
    <subfield code="a">BX830.1962</subfield>
    <subfield code="b">H47 1999</subfield>
  </datafield>
  <datafield tag="100" ind1="1" ind2=" ">
    <subfield code="a">Hern&#xE1;ndez Madrid, Miguel Jes&#xFA;s.</subfield>
  </datafield>
  <datafield tag="245" ind1="1" ind2="0">
    <subfield code="a">Dilemas posconciliares </subfield>
    <subfield code="b">: iglesia, cultura cat&#xF3;lica y sociedad en la di&#xF3;cesis de Zamora, Michoac&#xE1;n </subfield>
    <subfield code="c">/ Miguel Jes&#xFA;s Hern&#xE1;ndez Madrid. </subfield>
  </datafield>
  <datafield tag="250" ind1=" " ind2=" ">
    <subfield code="a">1a ed.</subfield>
  </datafield>
  <datafield tag="260" ind1=" " ind2=" ">
    <subfield code="a">Zamora, M&#xE9;xico : </subfield>
    <subfield code="b">El Colegio de Michoac&#xE1;n, </subfield>
    <subfield code="c">1999. </subfield>
  </datafield>
  <datafield tag="300" ind1=" " ind2=" ">
    <subfield code="a">457 p. ; </subfield>
    <subfield code="c">23 cm. </subfield>
  </datafield>
  <datafield tag="490" ind1="0" ind2=" ">
    <subfield code="a">Colecci&#xF3;n Investigaciones.</subfield>
  </datafield>
  <datafield tag="504" ind1=" " ind2=" ">
    <subfield code="a">Bibliograf&#xED;a: 403-439 e &#xED;ndice.</subfield>
  </datafield>
  <datafield tag="610" ind1="1" ind2="7">
    <subfield code="2">lemb</subfield>
    <subfield code="a">Iglesia cat&#xF3;lica.</subfield>
    <subfield code="b">Di&#xF3;cesis de Zamora</subfield>
    <subfield code="x">Historia</subfield>
    <subfield code="z">M&#xE9;xico</subfield>
    <subfield code="z">Michoac&#xE1;n de Ocampo</subfield>
  </datafield>
  <datafield tag="611" ind1="1" ind2="4">
    <subfield code="a">Concilio Vaticano</subfield>
    <subfield code="n">(2&#xBA; :   </subfield>
    <subfield code="d">1962-1965 :</subfield>
    <subfield code="c">Bas&#xED;lica de San Pedro en el Vaticano)</subfield>
  </datafield>
  <datafield tag="650" ind1=" " ind2="7">
    <subfield code="2">lemb</subfield>
    <subfield code="a">Cristianismo y cultura</subfield>
    <subfield code="x">Historia </subfield>
    <subfield code="z">M&#xE9;xico</subfield>
    <subfield code="z">Zamora (Micho&#xE1;can de Ocampo)</subfield>
  </datafield>
  <datafield tag="650" ind1=" " ind2="7">
    <subfield code="2">lemb</subfield>
    <subfield code="a">Religi&#xF3;n y sociolog&#xED;a</subfield>
    <subfield code="z">M&#xE9;xico</subfield>
    <subfield code="z">Zamora (Micho&#xE1;can de Ocampo)</subfield>
  </datafield>
  <datafield tag="650" ind1=" " ind2="7">
    <subfield code="2">lemb</subfield>
    <subfield code="a">Autoridad</subfield>
    <subfield code="x">Aspectos religiosos</subfield>
    <subfield code="x">Iglesia cat&#xF3;lica</subfield>
  </datafield>
  <datafield tag="650" ind1=" " ind2="7">
    <subfield code="2">lemb</subfield>
    <subfield code="a">Ideolog&#xED;a</subfield>
    <subfield code="x">Iglesia cat&#xF3;lica</subfield>
  </datafield>
  <datafield tag="942" ind1=" " ind2=" ">
    <subfield code="2">lcc</subfield>
    <subfield code="c">LIB</subfield>
  </datafield>
  <datafield tag="999" ind1=" " ind2=" ">
    <subfield code="c">34906</subfield>
    <subfield code="d">34906</subfield>
  </datafield>
  <datafield tag="952" ind1=" " ind2=" ">
    <subfield code="1">0</subfield>
    <subfield code="2">lcc</subfield>
    <subfield code="4">0</subfield>
    <subfield code="7">0</subfield>
    <subfield code="a">INV-033</subfield>
    <subfield code="b">INV-033</subfield>
    <subfield code="c">FM</subfield>
    <subfield code="d">2013-04-11</subfield>
    <subfield code="f">1a ed.</subfield>
    <subfield code="i">H</subfield>
    <subfield code="k">EH</subfield>
    <subfield code="l">1</subfield>
    <subfield code="o">BX1430.Z36 H47 1999</subfield>
    <subfield code="p">IIH000009645</subfield>
    <subfield code="r">2025-09-18 19:15:22</subfield>
    <subfield code="s">2025-09-18</subfield>
    <subfield code="t">C:1</subfield>
    <subfield code="v">1.00</subfield>
    <subfield code="y">LIB</subfield>
  </datafield>
  <datafield tag="952" ind1=" " ind2=" ">
    <subfield code="1">0</subfield>
    <subfield code="2">lcc</subfield>
    <subfield code="4">0</subfield>
    <subfield code="7">0</subfield>
    <subfield code="a">LIC-018</subfield>
    <subfield code="b">LIC-018</subfield>
    <subfield code="c">GENERAL</subfield>
    <subfield code="d">2025-10-10</subfield>
    <subfield code="e">DON</subfield>
    <subfield code="f">1a ed.</subfield>
    <subfield code="k">EH</subfield>
    <subfield code="l">0</subfield>
    <subfield code="o">BX830.1962 H47 1999</subfield>
    <subfield code="p">BFA000006315</subfield>
    <subfield code="r">2025-10-10 13:27:59</subfield>
    <subfield code="t">1</subfield>
    <subfield code="v">1.00</subfield>
    <subfield code="y">LIB</subfield>
    <subfield code="z">POSGRADO</subfield>
  </datafield>
</record>
